000 00440nam a2200181Ia 4500
001 9986
005 20260306161758.0
008 260306t1989||||xx |||||||||||||| ||spa||
041 _aESP
082 _aPE 869.56
_bN94
100 _aNúñez, Estuardo
_eAUT
245 0 _aLa imagen del mundo en la literatura peruana
260 _c1989
300 _a251 páginas :
_c20 cm.
650 _aGEN
654 _aCHU
942 _cLIB
_dJUS
_fJUS
_2ddc
_n
999 _c9986
_d9986